Jefferson Airplane: Albums by Cover - Statistics

General Stats
  • This quiz has been taken 4 times
  • The average score is 4 of 8
Answer Stats
Picture Hint Answer % Correct
1969 Volunteers
100%
1971 Bark
75%
1968 Crown of Creation
50%
1989 Jefferson Airplane
50%
1966 Jefferson Airplane Takes Off
50%
1967 Surrealistic Pillow
50%
1967 After Bathing at Baxter's
25%
1972 Long John Silver
25%
No matching quizzes found
Score Distribution
Percent of People with Each Score
Percentile by Number Answered
Your Score History
You have not taken this quiz